| 000 | 01650nam a22002417a 4500 | ||
|---|---|---|---|
| 001 | 9657 | ||
| 003 | |||
| 005 | 20260128103345.0 | ||
| 008 | 260128b cb ||||| |||| 00| 0 eng d | ||
| 020 | _aFISKH | ||
| 040 |
_aFISKH _beng _cFISKH _dFISKH |
||
| 050 | _aPR9499.3 .R59 .G63 | ||
| 082 | _a828.99353 | ||
| 100 | _aRoy, Arundhati | ||
| 245 |
_aThe god of small things / _c Arundhati Roy |
||
| 250 | _aThis edition published in 2017 | ||
| 260 |
_aLondon : _b4th Estate, _c1997 |
||
| 300 |
_a340 pages : _c20 cm |
||
| 520 | _a An affluent Indian family is forever changed by one fateful day in 1969, from the author of The Ministry of Utmost Happiness “[ The God of Small Things ] offers such magic, mystery, and sadness that, literally, this reader turned the last page and decided to reread it. Immediately. It’s that haunting.”— USA Today Compared favorably to the works of Faulkner and Dickens, Arundhati Roy’s modern classic is equal parts powerful family saga, forbidden love story, and piercing political drama. The seven-year-old twins Estha and Rahel see their world shaken irrevocably by the arrival of their beautiful young cousin, Sophie. It is an event that will lead to an illicit liaison and tragedies accidental and intentional, exposing “big things [that] lurk unsaid” in a country drifting dangerously toward unrest. Lush, lyrical, and unnerving, The God of Small Things is an award-winning landmark that started for its author an esteemed career of fiction and political commentary that continues unabated. | ||
| 650 |
_aIndian Literature _vFiction _x20th century |
||
| 942 |
_2ddc _cBK _n0 |
||
| 999 |
_c9657 _d9657 |
||